000 00509nam a2200193Ia 4500
008 240729s9999 xx 000 0 und d
022 _a2054-345X
245 0 _aHuman Genome Variation
260 _aUnited Kingdom
260 _bNature Publishing Group
650 _a Biology (General)
650 _a Biology (General)
650 _a Genetics | Science
650 _a Life
650 _aScience
856 _uhttps://doaj.org/toc/1befdeda28f14e2daaedb32753a2dfea
942 _2ddc
942 _cDOAJEJ
999 _c74396
_d74396
945 _a1
_bMadushi Gamage
_c1
_dMadushi Gamage